| 000 -LEADER |
| fixed length control field |
00375cam a22001337a 4500 |
| 008 - FIXED-LENGTH DATA ELEMENTS--GENERAL INFORMATION |
| fixed length control field |
180718b1979 xxu||||| |||| 00| 0 eng d |
| 082 ## - DEWEY DECIMAL CLASSIFICATION NUMBER |
| Classification number |
B234 C674/W93 |
| 100 ## - MAIN ENTRY--PERSONAL NAME |
| Personal name |
Wright, A.W. |
| 245 ## - TITLE STATEMENT |
| Title |
G.D.H. Cole and socialist democracy |
| Statement of responsibility, etc. |
by A.W. Wright |
| 260 ## - PUBLICATION, DISTRIBUTION, ETC. |
| Place of publication, distribution, etc. |
Oxford |
| Name of publisher, distributor, etc. |
Clarednon Press |
| Date of publication, distribution, etc. |
1979 |
| 300 ## - PHYSICAL DESCRIPTION |
| Extent |
301p. |
| 650 ## - SUBJECT ADDED ENTRY--TOPICAL TERM |
| Topical term or geographic name entry element |
Cole, George Douglas Howard. |
| 650 ## - SUBJECT ADDED ENTRY--TOPICAL TERM |
| Topical term or geographic name entry element |
Socialism |